Böl̲gesel politika Balkanlar : (Kayıt no. 10177)

MARC ayrıntıları
000 -BAŞLIK
Sabit Uzunluktaki Kontrol Alanı 00860 a2200277 4500
003 - KONTROL NUMARASI KİMLİĞİ
Kontrol Alanı KOHA
005 - EN SON İŞLEM TARİHİ ve ZAMANI
Kontrol Alanı 20260408095455.0
008 - SABİT UZUNLUKTAKİ VERİ ÖGELERİ - GENEL BİLGİ
Sabit Alan 260407b tu ||||| |||| 00| 0 tur d
020 ## - ISBN - ULUSLARARASI STANDART KİTAP NUMARASI
Isbn 9786255952967
040 ## - KATALOGLAMA KAYNAĞI
Özgün Kataloglama Kurumu TR-AnABB
Kataloglama Dili tur
Çeviri Kurumu TR-AnABB
041 ## - DİL KODU
Metin ya da ses kaydının dil kodu tur
082 ## - DEWEY ONU SINIFLAMA SİSTEMİ
Sınıflama Numarası 320.9496
Cutter numarası OZE 2022
100 1# - KİŞİ ADI
Yazar Adı (Kişi adı) Özen, Çınar
245 10 - ESER ADI BİLDİRİMİ
Başlık Böl̲gesel politika Balkanlar :
Alt Eseradı vb. Orta Çağ'dan soğuk savaş dönemine /
Sorumluluk Bildirimi Çınar Özen, Cihan Özgün, Fırat Yaldız
246 ## - DEĞİŞİK BAŞLIK FORMU
Başlık uygun / kısa başlık Balkanlar
260 ## - YAYIN, DAĞITIM, VB.
Yayın Yeri Konya :
Yayınevi NEU,
Yayın Tarihi 2025
300 ## - FİZİKSEL TANIMLAMA
Sayfa, Cilt vb. 309 sayfa ;
Boyutları 20 cm
500 ## - GENEL NOT
Genel Not Dizin vardır
500 ## - GENEL NOT
Genel Not Kaynakça vardır
500 ## - GENEL NOT
Genel Not Yazar tarafından imzalı
650 04 - KONU BAŞLIĞI EK GİRİŞ - KONU TERİMİ
Konusal terim veya coğrafi ad Siyasi durum ve şartlar
650 04 - KONU BAŞLIĞI EK GİRİŞ - KONU TERİMİ
Konusal terim veya coğrafi ad Siyasi durum ve şartlar, Balkanlar
700 1# - EK GİRİŞ - KİŞİ ADI
Yazar Adı (Kişi adı) Özgün, Cihan
9 (RLIN) 3355
700 1# - EK GİRİŞ - KİŞİ ADI
Yazar Adı (Kişi adı) Yaldız, Fırat
9 (RLIN) 3356
942 ## - EK GİRİŞ ÖGELERİ (KOHA)
Sınıflama Kaynağı Dewey Decimal Classification
Materyal Türü Kitap
900 ## - YEREL BİLGİ
Kontrol Can ÇELIK
Mevcut
Geri Çekilme Durumu Kayıp Durumu Sınıflandırma Kaynağı Kredi için değil Kalıcı Konum Mevcut Konum Kayıt Tarih Toplam Ödünçverme Yer Numarası Demirbaş Numarası Son Görülme Tarihi Fatura Tarihi Materyal Türü
    Dewey Decimal Classification   Prof. Dr. Ruşen Keleş Kütüphanesi Prof. Dr. Ruşen Keleş Kütüphanesi 07/04/2026   320.9496 OZE 2022 RK7031 07/04/2026 07/04/2026 Kitap